Vater unser - Statistiken

Allgemein
  • Dieses Quiz wurde 334 mal gespielt
  • Das Durchschnittsergebnis liegt bei 58 aus 63
Antwortstatistiken
Antwort % Korrekt
uns
100%
uns
100%
uns
100%
uns
100%
Vater
100%
Himmel
99%
Himmel,
99%
im
99%
im
99%
unser
99%
Unser
99%
dein
98%
Dein
98%
Dein
98%
dein
98%
Reich
98%
Reich
98%
so
97%
auf
96%
wie
96%
wie
96%
Wille
96%
Erden.
95%
Geheiligt
95%
komme.
95%
Name.
95%
auch
94%
geschehe,
94%
werde
94%
Brot
93%
Und
93%
Und
93%
und
93%
und
93%
Schuld,
92%
vergeben
92%
wir
92%
gib
91%
heute.
91%
unsere
91%
in
90%
in
90%
vergib
90%
Amen.
89%
tägliches
88%
die
87%
die
87%
das
86%
Ewigkeit.
85%
Schuldigern.
85%
Versuchung,
85%
erlöse
84%
ist
84%
nicht
84%
von
84%
Bösen.
83%
dem
83%
Denn
83%
führe
82%
Herrlichkeit
82%
Kraft
82%
sondern
82%
unsern
68%
Keine übereinstimmenden Quizze gefunden
Verteilung der Resultate
Anzahl Personen mit jedem Resultat
Perzentil nach korrekt beantworteten Fragen
Ihre Resultats-Entwicklung
Sie haben dieses Quiz noch nicht gespielt